[Event "Antofagasta Zicosur op 1st"]
[Site "Antofagasta"]
[Date "2015.01.11"]
[Round "10"]
[White "Castillo, Gabriel"]
[Black "Flores Honores, Patricio Antonio"]
[Result "0-1"]
[WhiteElo "1903"]
[BlackElo "2086"]
[PlyCount "76"]
[EventDate "2015.01.05"]
[EventType "swiss"]
[EventRounds "10"]
[EventCountry "CHI"]
[SourceTitle "CBM 164 Extra"]
[Source "ChessBase"]
[SourceDate "2015.03.02"]
[SourceVersion "1"]
[SourceVersionDate "2015.03.02"]
[SourceQuality "1"]

1. e4 c5 2. Nf3 d6 3. d4 cxd4 4. Nxd4 Nf6 5. Nc3 e6 6. Be3 a6 7. f3 b5 8. a3 Nbd7 9. Be2 Bb7 10. 0-0 d5 11. exd5 Nxd5 12. Nxd5 Bxd5 13. Nf5 Nf6 14. Ng3 Qc7 15. Bg5 Be7 16. Kh1 h6 17. Be3 Rd8 18. Qc1 Bd6 19. Bf2 Bf4 20. Qb1 h5 21. Rd1 h4 22. Nf1 h3 23. g3 Qe5 24. Re1 Qh5 25. Kg1 Bxf3 26. Bd3 Rxd3 27. cxd3 Bb7 28. Re3 Bxe3 29. Nxe3 Qf3 30. Kf1 Nd5 31. Qc1 0-0 32. Qe1 Rc8 33. Qe2 Qh1+ 34. Bg1 Rc7 35. Rd1 Nxe3+ 36. Qxe3 Qg2+ 37. Ke1 Bf3 38. Bf2 Rc2 0-1

[Event "Antofagasta Zicosur op 1st"]
[Site "Antofagasta"]
[Date "2015.01.07"]
[Round "4"]
[White "Castillo, Gabriel"]
[Black "Zambrana, Oswaldo"]
[Result "0-1"]
[WhiteElo "1903"]
[BlackElo "2465"]
[PlyCount "78"]
[EventDate "2015.01.05"]
[EventType "swiss"]
[EventRounds "10"]
[EventCountry "CHI"]
[SourceTitle "CBM 164 Extra"]
[Source "ChessBase"]
[SourceDate "2015.03.02"]
[SourceVersion "1"]
[SourceVersionDate "2015.03.02"]
[SourceQuality "1"]

1. e4 c5 2. Nf3 Nc6 3. d4 cxd4 4. Nxd4 Nf6 5. Nc3 e5 6. Nb3 Bb4 7. Bd3 d5 8. exd5 Nxd5 9. Bd2 Nxc3 10. bxc3 Be7 11. 0-0 0-0 12. Qe2 f5 13. Bc4+ Kh8 14. f4 Qc7 15. Rf3 Bf6 16. Rh3 g6 17. Rf1 e4 18. Kh1 b6 19. Qf2 Bb7 20. Be2 Rad8 21. Qg3 Qg7 22. Bc1 Rf7 23. Bb2 Rfd7 24. Qe3 Qf7 25. a4 Nb4 26. Qc1 Ba6 27. Bxa6 Nxa6 28. Nd4 Qc4 29. a5 Nc5 30. Re1 Na4 31. Ba1 b5 32. Qa3 a6 33. Rhe3 Nc5 34. Rh3 Ne6 35. Qc1 Nxd4 36. cxd4 Bxd4 37. Rd1 Kg8 38. c3 Bf2 39. Rxd7 Rxd7 0-1

[Event "Antofagasta Zicosur op 1st"]
[Site "Antofagasta"]
[Date "2015.01.06"]
[Round "3"]
[White "Granda Zuniga, Julio E"]
[Black "Castillo, Gabriel"]
[Result "1-0"]
[WhiteElo "2640"]
[BlackElo "1903"]
[PlyCount "84"]
[EventDate "2015.01.05"]
[EventType "swiss"]
[EventRounds "10"]
[EventCountry "CHI"]
[SourceTitle "CBM 164 Extra"]
[Source "ChessBase"]
[SourceDate "2015.03.02"]
[SourceVersion "1"]
[SourceVersionDate "2015.03.02"]
[SourceQuality "1"]

1. Nf3 d5 2. g3 Nf6 3. Bg2 c5 4. 0-0 Nc6 5. c4 d4 6. d3 e5 7. e4 Be7 8. Ne1 Bg4 9. f3 Bd7 10. f4 Qc8 11. f5 Qc7 12. Na3 Nb4 13. Nf3 a6 14. Nxe5 Bd6 15. Nf3 Nc6 16. Nc2 0-0-0 17. a3 Ne5 18. b4 Ba4 19. bxc5 Qxc5 20. Nxe5 Bxe5 21. Qe2 h5 22. Nb4 h4 23. g4 h3 24. Bf3 g6 25. g5 Nh5 26. fxg6 fxg6 27. Rb1 Bd7 28. Nd5 Kb8 29. Bd2 a5 30. Kh1 Rdf8 31. Bxh5 Rxh5 32. Rxf8+ Qxf8 33. Rf1 Qxa3 34. Nf6 Bxf6 35. gxf6 Rh8 36. Bc1 Qc5 37. f7 Qf8 38. Bf4+ Ka8 39. Be5 Rh7 40. Bd6 Qxf7 41. Rxf7 Rxf7 42. Kg1 Rf6 1-0

[Event "Antofagasta Final Mayor"]
[Site "Antofagasta"]
[Date "2013.12.20"]
[Round "8"]
[White "Garmendia Vega, Gabriel"]
[Black "Castillo, Gabriel"]
[Result "0-1"]
[WhiteElo "1933"]
[BlackElo "1913"]
[PlyCount "84"]
[EventDate "2013.12.12"]
[EventType "tourn"]
[EventRounds "7"]
[EventCountry "CHI"]
[SourceTitle "EXT 2024"]
[Source "ChessBase"]
[SourceDate "2023.10.10"]
[SourceVersion "1"]
[SourceVersionDate "2023.10.10"]
[SourceQuality "1"]

1. e4 c5 2. Nf3 d6 3. Bb5+ Bd7 4. Bxd7+ Nxd7 5. 0-0 g6 6. c3 Bg7 7. d4 cxd4 8. cxd4 Qc7 9. Nc3 Ngf6 10. h3 0-0 11. Be3 a6 12. Qd2 e5 13. Rac1 Qd8 14. Bh6 Rc8 15. Bxg7 Kxg7 16. Qg5 h6 17. Qe3 Qa5 18. Nd2 Nh5 19. Nb3 Qd8 20. Nd5 Qh4 21. Nd2 Rc6 22. Nf3 Qd8 23. dxe5 dxe5 24. Rxc6 bxc6 25. Nb4 c5 26. Nd3 Qe7 27. Rc1 Rc8 28. Nd2 Nf4 29. b4 Qe6 30. bxc5 Nb8 31. Nb3 Nc6 32. Nb2 Rd8 33. f3 Nh5 34. Rd1 Rxd1+ 35. Nxd1 Nf4 36. Kh2 Qc4 37. g3 Ne6 38. Kg2 Nb4 39. Qc3 Qe2+ 40. Nf2 Nc2 41. Nd2 Ne3+ 42. Kh1 Qe1+ 0-1

[Event "Antofagasta Final Mayor"]
[Site "Antofagasta"]
[Date "2013.12.17"]
[Round "5"]
[White "Castillo, Gabriel"]
[Black "Mesias Rojas, Rabindranath"]
[Result "0-1"]
[WhiteElo "1913"]
[BlackElo "2191"]
[PlyCount "105"]
[EventDate "2013.12.12"]
[EventType "tourn"]
[EventRounds "7"]
[EventCountry "CHI"]
[SourceTitle "EXT 2024"]
[Source "ChessBase"]
[SourceDate "2023.10.10"]
[SourceVersion "1"]
[SourceVersionDate "2023.10.10"]
[SourceQuality "1"]

1. e4 e6 2. d4 d5 3. e5 c5 4. c3 Nc6 5. Nf3 Bd7 6. Be3 cxd4 7. cxd4 Qb6 8. Qd2 Nge7 9. Be2 Nf5 10. 0-0 Rc8 11. Nc3 Bb4 12. Rab1 Na5 13. Qd1 Nc4 14. Bf4 h6 15. Na4 Qa5 16. b3 Nb6 17. Nxb6 Qxb6 18. a4 a6 19. h3 Bc3 20. Kh1 Qb4 21. Be3 b5 22. axb5 axb5 23. Qd3 Qa5 24. g4 Ne7 25. b4 Bxb4 26. Qb3 Bc3 27. Bxb5 Bxb5 28. Qxb5+ Qxb5 29. Rxb5 0-0 30. Rfb1 Rc4 31. Rd1 Ra8 32. h4 Nc6 33. Rbb1 Raa4 34. g5 Bxd4 35. Nxd4 Nxd4 36. gxh6 Nf5 37. Rb8+ Kh7 38. Bg5 Nxh6 39. Rf8 Kg6 40. f3 Kf5 41. Re1 Rc7 42. Rh8 Rca7 43. Kg2 Ra8 44. Rxa8 Rxa8 45. Rd1 Kxe5 46. Be7 Ra2+ 47. Kh3 Nf5 48. Bd8 Ra7 49. Bg5 f6 50. Bd2 d4 51. Re1+ Kd5 52. Bb4 e5 53. Rd1 0-1